logo

Bir Sreshtho Munshi Abdur Rouf Library
Jhenaidah Cadet College

Modern China's search for a political form; (Record no. 9133)

MARC details
000 -LEADER
fixed length control field 01050cam a2200277 4500
001 - CONTROL NUMBER
JCCL Control Number 9133
003 - CONTROL NUMBER IDENTIFIER
JCCL marc code BD-JhCC
005 - DATE AND TIME OF LATEST TRANSACTION
control field 20180312123148.0
008 - FIXED-LENGTH DATA ELEMENTS--GENERAL INFORMATION
fixed length control field 690627s1969 enkab b 001 0 eng
035 ## - SYSTEM CONTROL NUMBER
system control number (BD-JhCC)9133
040 ## - CATALOGING SOURCE
Original cataloging agency DLC
Transcribing agency DLC
Modifying agency DLC
-- BD-JhCC
041 ## - LANGUAGE CODE
Language code of Book eng
050 00 - LIBRARY OF CONGRESS CALL NUMBER
Classification number DS761
Item number .M6
082 00 - DEWEY DECIMAL CLASSIFICATION NUMBER
Classification number 320.9/51
Author mark and Year MOD 1969
245 00 - TITLE STATEMENT
Title Modern China's search for a political form;
Statement of responsibility, etc edited by Jack Gray.
260 ## - PUBLICATION, DISTRIBUTION, ETC. (IMPRINT)
Place of publication, distribution, etc London,
-- New York [etc.]
Name of publisher, distributor, etc issued under the auspices of the Royal Institute of International Affairs [by] Oxford U. P.,
Date of publication, distribution, etc 1969.
300 ## - PHYSICAL DESCRIPTION
Pagination xii, 379 p.
Other physical details illus., map.
Dimensions 23 cm.
350 ## - PRICE (NR) (BK AM CF MU VM SE) [OBSOLETE]
Price 75/-
500 ## - GENERAL NOTE
General note " ... originated as contributions to the Working Group on China and the World of the Royal Institute of International Affairs."
504 ## - BIBLIOGRAPHY, ETC. NOTE
Bibliography, etc Bibliographical footnotes.
651 #0 - SUBJECT ADDED ENTRY--GEOGRAPHIC NAME
Geographic name China
General subdivision Politics and government
Chronological subdivision 20th century.
700 1# - ADDED ENTRY--PERSONAL NAME
Personal name Gray, Jack,
Dates associated with a name 1936-
710 2# - ADDED ENTRY--CORPORATE NAME
Corporate name or jurisdiction name as entry element Royal Institute of International Affairs.
Subordinate unit Working Group on China and the World.
942 ## - ADDED ENTRY ELEMENTS (KOHA)
Source of classification or shelving scheme Dewey Decimal Classification
Koha item type Books
Holdings
Source of classification or shelving scheme Damaged status Not for loan Home library Current library Shelving location Total Checkouts Full call number Barcode Date last seen Copy number Koha item type
Dewey Decimal Classification     JCC Rouf Library JCC Rouf Library General Stacks   320.9/51 MOD 1969 12145 03/08/2018 C - 1 Books

JCC Library | Contacts | JCC Home

Last Update on 23 September 2017
Copyright @ 2017-2020 JCC Rouf Library
Rouf Library, Jhenidah Cadet College (JCC), Bangladesh